LIBRARY & INFORMATION CENTRE, KCAET, TAVANUR

ONLINE PUBLIC ACCESS CATALOGUE (OPAC)

Fourteenth international congress on irrigation and drainage , Brazil Vol.1B (Record no. 5987)

MARC details
000 -LEADER
fixed length control field 00383cam a2200145ua 4500
003 - CONTROL NUMBER IDENTIFIER
control field OSt
008 - FIXED-LENGTH DATA ELEMENTS--GENERAL INFORMATION
fixed length control field 220928b |||||||| |||| 00| 0 eng d
041 ## - LANGUAGE CODE
Language code of text/sound track or separate title ben
082 ## - DEWEY DECIMAL CLASSIFICATION NUMBER
Classification number 627.52
Item number INT/FO
245 ## - TITLE STATEMENT
Title Fourteenth international congress on irrigation and drainage , Brazil Vol.1B
260 ## - PUBLICATION, DISTRIBUTION, ETC. (IMPRINT)
Place of publication :
Name of publisher ICID & CIID ,
Year of publication 1990.
300 ## - PHYSICAL DESCRIPTION
Number of Pages 345-687 ; .
500 ## - GENERAL NOTE
General note 20266 Ref
942 ## - ADDED ENTRY ELEMENTS (KOHA)
Koha item type Books
Holdings
Withdrawn status Lost status Damaged status Home library Current library Date acquired Full call number Accession Number Koha item type
      KAUAET KAUAET 07/04/2012 627.52 20266 Reference
free website counter